000 01045nam a22003137a 4500
003 CHAP
005 20220329141549.0
008 971013s1952 r 00010 d
010 _a70207
011 _a71179
035 _a80733
040 _cCHAP
090 _aFolleto 5300
100 0 0 _aChanes García, Sebastián.
_921844
245 _aAlgunas indicaciones para el cultivo de la papa en Silao y León, Gto.
260 _aSan Jacinto, D.F. :
_bInstituto de Investigaciones Agrícolas,
_c1952
300 _a4 p.
_b: ilus
490 _aCircular para agricultura
_v; 1
590 _aBATCH-UPD
_b10
_c20130110
_lUCH01
_h0630
590 _aBATCH-UPD
_b10
_c20130410
_lUCH01
_h0313
590 _aBATCH-UPD
_b10
_c20130914
_lUCH01
_h0918
590 _aCONVERSION
_b10
_c20130109
_lUCH01
_h1339
650 1 4 _aPapa
_xGuanajuato.
_985244
830 0 _aCircular para agricultura
_v; 1
_923382
901 _aBK
942 _cFOLL
949 _aFolleto 5300
_bBC
_cFOLL
_d-33647
_eTS1
_i80733
_si
949 _aFolleto 5300
_bBC
_cFOLL
_d-33649
_eTS2
_fc.2
_i80733
_si
999 _c70207
_d70207